| 000 | 01502nam a2200361Ia 4500 | ||
|---|---|---|---|
| 001 | ebr10135502 | ||
| 003 | CaPaEBR | ||
| 006 | m u | ||
| 007 | cr cn||||||||| | ||
| 008 | 040519s2005 nyua sb 001 0 eng d | ||
| 010 | _z 2004050531 | ||
| 020 | _z1403981469 | ||
| 020 | _z1403961069 (pbk. : alk. paper) | ||
| 020 | _z1403961050 (hc : alk. paper) | ||
| 040 |
_aCaPaEBR _cCaPaEBR |
||
| 035 | _a(OCoLC)320321255 | ||
| 050 | 1 | 4 |
_aDF833 _b.P327 2005eb |
| 100 | 1 | _aPapailias, Penelope. | |
| 245 | 1 | 0 |
_aGenres of recollection _h[electronic resource] : _barchival poetics and modern Greece / _cPenelope Papailias. |
| 246 | 3 | 0 | _aArchival poetics and modern Greece |
| 260 |
_aNew York : _bPalgrave Macmillan, _c2005. |
||
| 300 |
_axv, 301 p. : _bill. |
||
| 490 | 1 | _aAnthropology, history, and the critical imagination | |
| 504 | _aIncludes bibliographical references (p. [273]-294) and index. | ||
| 533 |
_aElectronic reproduction. _bPalo Alto, Calif. : _cebrary, _d2009. _nAvailable via World Wide Web. _nAccess may be limited to ebrary affiliated libraries. |
||
| 651 | 0 |
_aGreece _xHistory. |
|
| 651 | 0 |
_aGreece _xHistory _y20th century _xHistoriography. |
|
| 651 | 0 |
_aGreece _xHistory _y20th century _vSources. |
|
| 655 | 7 |
_aElectronic books. _2local |
|
| 710 | 2 | _aebrary, Inc. | |
| 830 | 0 | _aAnthropology, history, and the critical imagination. | |
| 856 | 4 | 0 |
_uhttp://site.ebrary.com/lib/rucke/Doc?id=10135502 _zAn electronic book accessible through the World Wide Web; click to view |
| 999 |
_c187880 _d187880 |
||